Paribhāṣenduśekharaḥ. (Record no. 86666)

MARC details
000 -LEADER
fixed length control field 00862cam a22002531 4500
001 - CONTROL NUMBER
control field sa 68015762
003 - CONTROL NUMBER IDENTIFIER
control field DLC
005 - DATE AND TIME OF LATEST TRANSACTION
control field 20260227112646.0
008 - FIXED-LENGTH DATA ELEMENTS--GENERAL INFORMATION
fixed length control field 890717s1964 ii 000 0 sano
010 ## - LIBRARY OF CONGRESS CONTROL NUMBER
LC control number sa 68015762
035 ## - SYSTEM CONTROL NUMBER
System control number (OCoLC)20020547
040 ## - CATALOGING SOURCE
Original cataloging agency DLC
Transcribing agency WaU
Modifying agency DLC
050 00 - LIBRARY OF CONGRESS CALL NUMBER
Classification number PK541
Item number .N335 1964
100 0# - MAIN ENTRY--PERSONAL NAME
Personal name Nāgeśabhaṭṭa,
Dates associated with a name active 1670-1750.
245 10 - TITLE STATEMENT
Title Paribhāṣenduśekharaḥ.
260 ## - PUBLICATION, DISTRIBUTION, ETC.
Date of publication, distribution, etc. [1964]
300 ## - PHYSICAL DESCRIPTION
Extent 339 p.
Dimensions 25 cm.
500 ## - GENERAL NOTE
General note Cover title.
500 ## - GENERAL NOTE
General note Includes two commentaries, Bhūti, by Ramkrishna Shastri Patwardhan, and Tattvaprakāśikā, by Gaṇapatiśāstrī Mokāte, the latter a commentary on the former.
500 ## - GENERAL NOTE
General note In Sanskrit.
650 #0 - SUBJECT ADDED ENTRY--TOPICAL TERM
Topical term or geographic name entry element Sanskrit language
General subdivision Grammar.
700 1# - ADDED ENTRY--PERSONAL NAME
Personal name Patwardhan, Ramkrishna Shastri.
Title of a work Bhūti.
700 1# - ADDED ENTRY--PERSONAL NAME
Personal name Mokāte, Gaṇapatiśāstrī.
Title of a work Tattvaprakāśikā.

No items available.

Powered by Koha